[Event "CAMPEONATO SUBZONAL 2.3.5"]
[Site "Duran"]
[Date "2012.03.09"]
[Round "7.16"]
[White "Crespo Hidalgo, Carlos"]
[Black "Zambrano Macias, Paolo"]
[Result "1-0"]
[WhiteElo "2038"]
[BlackElo "1815"]
[PlyCount "67"]
[EventDate "2012.03.05"]

1. d4 Nf6 2. c4 c5 3. d5 b5 4. cxb5 a6 5. b6 d6 6. Nc3 Qxb6 7. e4 g6 8. Be2 Bg7
9. Nf3 Bg4 10. Nd2 Bxe2 11. Qxe2 Nbd7 12. O-O O-O 13. a4 Rfb8 14. a5 Qb7 15.
Nc4 Ne8 16. Bg5 Kf8 17. Qd2 Qb3 18. Qd3 Ne5 19. Nxe5 Bxe5 20. Qh3 Kg8 21. Bxe7
Qxb2 22. Rac1 Qa3 23. Ne2 Qxh3 24. gxh3 f6 25. f4 Bb2 26. e5 Kf7 27. exd6 Bxc1
28. Rxc1 Rb2 29. Kf2 Rb5 30. Nc3 Rxa5 31. Re1 Rb8 32. d7 Ra3 33. Bxc5 Rxc3 34.
Re7+ 1-0

[Event "CAMPEONATO SUBZONAL 2.3.5"]
[Site "Duran"]
[Date "2012.03.09"]
[Round "7.17"]
[White "Croes, Octavio"]
[Black "Matoewi, Roger"]
[Result "1/2-1/2"]
[WhiteElo "1916"]
[BlackElo "2128"]
[PlyCount "85"]
[EventDate "2012.03.05"]

1. d4 c5 2. dxc5 g6 3. c3 Bg7 4. e4 Qc7 5. Be3 a5 6. Nd2 Nf6 7. g3 Na6 8. Bg2
Nxc5 9. Qe2 d6 10. Nh3 O-O 11. O-O Ncxe4 12. Bf4 Nc5 13. Nc4 a4 14. Rad1 Bg4
15. f3 Be6 16. Ng5 Bxc4 17. Qxc4 h6 18. Ne4 Nfxe4 19. fxe4 Ne6 20. Qxc7 Nxc7
21. Rd3 Rab8 22. c4 b5 23. c5 Ne6 24. cxd6 Nxf4 25. gxf4 exd6 26. b3 Rfc8 27.
Rxd6 Rc2 28. Rf2 Rbc8 29. Rfd2 Rxd2 30. Rxd2 axb3 31. axb3 Rc3 32. Rd8+ Bf8 33.
e5 Rxb3 34. Bd5 Rb4 35. Rb8 Rxf4 36. Rxb5 h5 37. e6 fxe6 38. Bxe6+ Kg7 39. h3
Kh6 40. Kg2 Rf6 41. Bc8 Rc6 42. Bd7 Rc2+ 43. Kf3 1/2-1/2

[Event "CAMPEONATO SUBZONAL 2.3.5"]
[Site "Duran"]
[Date "2012.03.09"]
[Round "7.18"]
[White "Treu, Auke"]
[Black "De Mey, Juan Pablo"]
[Result "1-0"]
[WhiteElo "2121"]
[BlackElo "1879"]
[PlyCount "87"]
[EventDate "2012.03.05"]

1. d4 Nf6 2. Nf3 e6 3. g3 b6 4. Bg2 Bb7 5. O-O c5 6. c4 cxd4 7. Qxd4 d6 8. b3
Qc7 9. Nc3 a6 10. Ba3 Nbd7 11. Rfd1 Nc5 12. b4 e5 13. Qd2 Nce4 14. Nxe4 Nxe4
15. Qd3 Rd8 16. Rac1 Be7 17. Nh4 Bxh4 18. Bxe4 Bxe4 19. Qxe4 Be7 20. c5 dxc5
21. Rxd8+ Bxd8 22. bxc5 b5 23. c6 Be7 24. Bxe7 Kxe7 25. Rc5 f6 26. Rd5 Rd8 27.
Rxd8 Qxd8 28. Qxh7 Qd1+ 29. Kg2 Qd5+ 30. e4 Qxc6 31. Qxg7+ Ke6 32. Qg6 Qc2 33.
h4 Ke7 34. Qg7+ Ke6 35. Qg8+ Ke7 36. Qd5 Kf8 37. h5 Kg7 38. Qd7+ Kg8 39. Qe8+
Kg7 40. Qg6+ Kf8 41. Qxf6+ Kg8 42. Qg6+ Kf8 43. h6 Qxa2 44. h7 1-0

[Event "CAMPEONATO SUBZONAL 2.3.5"]
[Site "Duran"]
[Date "2012.03.09"]
[Round "7.19"]
[White "Azua Avila, Vicente"]
[Black "Winter-Roach, Alex"]
[Result "1-0"]
[WhiteElo "1875"]
[BlackElo "2075"]
[PlyCount "79"]
[EventDate "2012.03.05"]

1. g3 e5 2. Bg2 Nf6 3. c4 Nc6 4. Nc3 Bb4 5. Nf3 O-O 6. O-O Bxc3 7. dxc3 d6 8.
b3 h6 9. a4 a5 10. Ba3 Re8 11. Qc2 e4 12. Nd4 Nxd4 13. cxd4 e3 14. fxe3 Ng4 15.
Bd5 Re7 16. Qg6 Nxe3 17. Rxf7 Rxf7 18. Qxf7+ Kh8 19. Be4 Bh3 20. Qg6 Kg8 21.
Bc1 Ng4 22. Bf5 Qf6 23. Qxf6 gxf6 24. Bxh6 Nxh6 25. Bxh3 Re8 26. Kf2 Kg7 27.
Kf3 Nf7 28. Bf5 c5 29. e3 Rh8 30. h4 Rd8 31. Rd1 b6 32. Be6 Nh6 33. Ke4 Kf8 34.
Kd5 Ke7 35. Rf1 Rh8 36. g4 Ng8 37. g5 Rh5 38. Bxg8 fxg5 39. Rf7+ Ke8 40. Rh7
1-0

[Event "CAMPEONATO SUBZONAL 2.3.5"]
[Site "Duran"]
[Date "2012.03.09"]
[Round "7.21"]
[White "Guaranda Chancay, Edward"]
[Black "Jerves Cordova, Carlos"]
[Result "0-1"]
[WhiteElo "1625"]
[BlackElo "1844"]
[PlyCount "80"]
[EventDate "2012.03.05"]

1. c4 Nf6 2. Nc3 g6 3. g3 Bg7 4. Bg2 O-O 5. Nf3 c5 6. O-O Nc6 7. d3 d5 8. Nxd5
Nxd5 9. cxd5 Qxd5 10. Qc2 Qd6 11. a3 Bg4 12. Re1 Bxf3 13. Bxf3 Nd4 14. Qc4
Nxf3+ 15. exf3 Rfd8 16. Kg2 b6 17. Rb1 e6 18. Bg5 Rd7 19. Re3 h6 20. Bh4 g5 21.
Qg4 gxh4 22. gxh4 Kh7 23. Rg1 Rg8 24. Kh1 Qe7 25. Re5 Rd4 26. f4 Qf6 27. Rh5
Rxf4 28. Qg2 Rxh4 29. Rxh4 Qxh4 30. b3 Qd4 31. Qf3 Qd5 32. Qxd5 exd5 33. Re1
Bf6 34. a4 Rg4 35. Rd1 Rb4 36. Rb1 c4 37. dxc4 dxc4 38. Rc1 cxb3 39. Rb1 b2 40.
Kg2 Rxa4 0-1

[Event "CAMPEONATO SUBZONAL 2.3.5"]
[Site "Duran"]
[Date "2012.03.10"]
[Round "8.1"]
[White "Pazos Gambarrotti, Plinio"]
[Black "Ynojosa, Felix Jose"]
[Result "1/2-1/2"]
[WhiteElo "2267"]
[BlackElo "2300"]
[PlyCount "118"]
[EventDate "2012.03.05"]

1. d4 Nf6 2. Nf3 b6 3. c4 e6 4. a3 c5 5. d5 exd5 6. cxd5 Bd6 7. Nc3 a6 8. e4
O-O 9. Bd3 Bc7 10. a4 d6 11. Nd2 Nbd7 12. Nc4 Re8 13. Bf4 Nf8 14. O-O Ng6 15.
Bg3 Ra7 16. Re1 Bb8 17. Rb1 Ng4 18. b4 Bc7 19. f4 cxb4 20. Rxb4 b5 21. axb5
Bb6+ 22. Kh1 Nxf4 23. Qf3 Nxd3 24. Qxd3 Nf2+ 25. Bxf2 Bxf2 26. b6 Rb7 27. Reb1
Bc5 28. R4b3 Bd7 29. h3 g6 30. Na5 Rxb6 31. Rxb6 Bxb6 32. Nc6 Qc7 33. Qxa6 Bc5
34. Qb7 Qxb7 35. Rxb7 Bc8 36. Rb5 Ba6 37. Ra5 Bd3 38. Rxc5 dxc5 39. d6 Bxe4 40.
Nxe4 Rxe4 41. d7 Re1+ 42. Kh2 Rd1 43. d8=Q+ Rxd8 44. Nxd8 c4 45. Nc6 c3 46. Nb4
g5 47. Kg3 Kg7 48. Kf3 Kg6 49. Ke4 f5+ 50. Ke5 f4 51. Ke4 Kh5 52. Kf3 Kg6 53.
Nc2 Kf5 54. Nd4+ Ke5 55. Ne2 c2 56. Kg4 h6 57. Kh5 Ke4 58. Kxh6 f3 59. gxf3+
Kxf3 1/2-1/2

[Event "CAMPEONATO SUBZONAL 2.3.5"]
[Site "Duran"]
[Date "2012.03.10"]
[Round "8.2"]
[White "Puntier, William"]
[Black "Guerra Tulcan, Lenin"]
[Result "0-1"]
[WhiteElo "2343"]
[BlackElo "2421"]
[PlyCount "84"]
[EventDate "2012.03.05"]

1. e4 c5 2. Nf3 e6 3. d4 cxd4 4. Nxd4 Nc6 5. Nc3 Qc7 6. Be2 a6 7. O-O Nf6 8. a3
Nxd4 9. Qxd4 Bd6 10. h3 b5 11. Qe3 Bb7 12. Bd3 O-O 13. Kh1 Be5 14. Bd2 d5 15.
exd5 exd5 16. Rae1 Rfe8 17. Qg5 d4 18. Nd1 Nd5 19. Qh4 g6 20. f4 Bd6 21. Rxe8+
Rxe8 22. Qf2 f5 23. b4 Qc6 24. Rg1 Bc7 25. Kh2 Nf6 26. c3 dxc3 27. Bxc3 Nd5 28.
Be5 Bxe5 29. fxe5 Rxe5 30. Qd4 Qc7 31. Kh1 Re8 32. a4 h5 33. axb5 axb5 34. Bxb5
Re4 35. Qd2 Rxb4 36. Qg5 Nf4 37. Be8 Kg7 38. Ne3 Bc8 39. Re1 Re4 40. Bb5 Rxe3
41. Rxe3 Qc1+ 42. Kh2 Qxe3 0-1

[Event "CAMPEONATO SUBZONAL 2.3.5"]
[Site "Duran"]
[Date "2012.03.10"]
[Round "8.3"]
[White "Munoz Sanchez, Jhon"]
[Black "Vazquez Reyes, Raul"]
[Result "1-0"]
[WhiteElo "2216"]
[BlackElo "2302"]
[PlyCount "59"]
[EventDate "2012.03.05"]

1. d4 Nf6 2. c4 c5 3. d5 e6 4. Nc3 exd5 5. cxd5 d6 6. e4 g6 7. f4 Bg7 8. Bb5+
Nfd7 9. a4 Qh4+ 10. g3 Qd8 11. Nf3 O-O 12. O-O a6 13. Be2 Re8 14. Kh1 Bxc3 15.
bxc3 Rxe4 16. Bd3 Re8 17. c4 Nf6 18. f5 Ng4 19. fxg6 hxg6 20. Qc2 f5 21. Bb2
Nd7 22. Bxf5 gxf5 23. Qxf5 Nde5 24. Qh5 Rf8 25. Bxe5 Nxe5 26. Ng5 Rf5 27. Qh7+
Kf8 28. Rxf5+ Bxf5 29. Rf1 Ke8 30. Rxf5 1-0

[Event "CAMPEONATO SUBZONAL 2.3.5"]
[Site "Duran"]
[Date "2012.03.10"]
[Round "8.4"]
[White "Martinez Reyes, Pedro Ramon"]
[Black "Fernandez, Francis"]
[Result "1-0"]
[WhiteElo "2200"]
[BlackElo "2315"]
[PlyCount "63"]
[EventDate "2012.03.05"]

1. e4 c5 2. Nf3 a6 3. c3 e6 4. d4 d5 5. exd5 exd5 6. Be2 Nf6 7. O-O Bd6 8. dxc5
Bxc5 9. Nbd2 O-O 10. Nb3 Bd6 11. Bg5 Re8 12. Nbd4 Nc6 13. Re1 Bg4 14. h3 Bd7
15. Qd3 Ne5 16. Nxe5 Bxe5 17. Bf3 Bc6 18. Qf5 Qd6 19. Qd3 Bd7 20. Rad1 Ne4 21.
Bxe4 dxe4 22. Rxe4 Qg6 23. Rxe5 Rxe5 24. Nf3 Qxd3 25. Rxd3 Re2 26. Rxd7 Rxb2
27. a4 Rb1+ 28. Kh2 f6 29. Be3 Rc8 30. Bd4 b5 31. Rb7 Rc4 32. Nd2 1-0

[Event "CAMPEONATO SUBZONAL 2.3.5"]
[Site "Duran"]
[Date "2012.03.10"]
[Round "8.5"]
[White "Infante, Miguel"]
[Black "Lopez, Jasel"]
[Result "1-0"]
[WhiteElo "2314"]
[BlackElo "2138"]
[PlyCount "93"]
[EventDate "2012.03.05"]

1. d4 Nf6 2. c4 e6 3. Nc3 Bb4 4. a3 Bxc3+ 5. bxc3 Nc6 6. Bg5 b6 7. Nf3 Ba6 8.
Nd2 h6 9. Bh4 Na5 10. e4 Qc8 11. e5 Ng8 12. Qg4 g5 13. f4 Ne7 14. fxg5 h5 15.
Qf4 Ng6 16. Qg3 Qb7 17. Bd3 Nxc4 18. Ne4 Ncxe5 19. dxe5 Bxd3 20. Qxd3 Nxh4 21.
O-O O-O-O 22. Rxf7 Rhg8 23. g3 Rxg5 24. Rf4 Rxe5 25. Rxh4 Qc6 26. Rf1 Ra5 27.
c4 d5 28. Nf2 Qc5 29. Qe2 Rxa3 30. Qxe6+ Kb7 31. Rd1 Rd6 32. Qf7 a5 33. cxd5
Qc3 34. Ne4 Qe3+ 35. Qf2 Qxf2+ 36. Kxf2 Ra2+ 37. Ke3 Rh6 38. g4 a4 39. g5 Rh8
40. Nc3 Rg2 41. Rxa4 Rxg5 42. Rda1 Re8+ 43. Kd3 Kc8 44. Ra8+ Kd7 45. Rxe8 Kxe8
46. Ra8+ Kd7 47. Rh8 1-0

[Event "CAMPEONATO SUBZONAL 2.3.5"]
[Site "Duran"]
[Date "2012.03.10"]
[Round "8.6"]
[White "Abreu Jean, Carlos Paul"]
[Black "Saltos Velez, Adrian"]
[Result "1-0"]
[WhiteElo "2211"]
[BlackElo "2152"]
[PlyCount "75"]
[EventDate "2012.03.05"]

1. e4 c5 2. Nf3 Nc6 3. d4 cxd4 4. Nxd4 g6 5. c4 Nf6 6. Nc3 Nxd4 7. Qxd4 d6 8.
Be2 Bg7 9. Be3 Be6 10. Rc1 O-O 11. Qd2 a5 12. f3 a4 13. O-O Nd7 14. f4 Nc5 15.
f5 Bxc3 16. Qxc3 Nxe4 17. Qd4 Bxf5 18. Bh6 e5 19. Qe3 Nc5 20. Rxf5 Ne6 21. Rf2
Re8 22. Bf3 Qc7 23. Bd5 f5 24. g4 f4 25. Bxf4 exf4 26. Bxe6+ Kh8 27. Qd4+ Qg7
28. Qxg7+ Kxg7 29. Bd5 g5 30. Bxb7 Ra7 31. Bd5 Re3 32. Rb1 Kf6 33. b4 axb3 34.
axb3 Ra3 35. b4 Ke5 36. b5 Rab3 37. Rfb2 Rxb2 38. Rxb2 1-0

[Event "CAMPEONATO SUBZONAL 2.3.5"]
[Site "Duran"]
[Date "2012.03.10"]
[Round "8.7"]
[White "Bassan, Remo"]
[Black "Barros Rivadeneira, Cristhian"]
[Result "0-1"]
[WhiteElo "2279"]
[BlackElo "2122"]
[PlyCount "102"]
[EventDate "2012.03.05"]

1. e4 c5 2. Nc3 Nc6 3. g3 g6 4. Bg2 Bg7 5. d3 d6 6. Nh3 e6 7. O-O Nge7 8. Be3
O-O 9. Qd2 Nd4 10. Nd1 b5 11. c3 Ndc6 12. d4 cxd4 13. cxd4 e5 14. d5 Nd4 15. f4
f5 16. fxe5 dxe5 17. Bxd4 exd4 18. d6 Nc6 19. e5 Qb6 20. Bd5+ Kh8 21. e6 Bb7
22. e7 Rf6 23. Re1 Re8 24. Ng5 Qc5 25. d7 Rxe7 26. Bxc6 Qxc6 27. d8=Q+ Rf8 28.
Qxf8+ Bxf8 29. Qxd4+ Kg8 30. Re4 fxe4 31. Ne3 Bg7 32. Qb4 Bf6 33. Nh3 Rd7 34.
Nf4 Bd4 35. Qb3+ Qc4 36. Qxc4+ bxc4 37. Re1 Bb6 38. Kf2 g5 39. Nh5 Rd2+ 40. Re2
Rd3 41. Nf6+ Kg7 42. Nfg4 c3 43. bxc3 h5 44. Ne5 Rxc3 45. h4 gxh4 46. gxh4 Bd4
47. Nd7 Kf7 48. Re1 Ke7 49. Nb8 Kd6 50. Rd1 Rd3 51. Kg3 Bxe3 0-1

[Event "CAMPEONATO SUBZONAL 2.3.5"]
[Site "Duran"]
[Date "2012.03.10"]
[Round "8.8"]
[White "Zavarce, Oscar Enrique"]
[Black "Aucay Pelaez, Mauro"]
[Result "0-1"]
[WhiteElo "2190"]
[BlackElo "2258"]
[PlyCount "66"]
[EventDate "2012.03.05"]

1. e4 c5 2. Nf3 d6 3. d4 cxd4 4. Nxd4 Nf6 5. Nc3 a6 6. Bg5 e6 7. Qf3 h6 8. Be3
Nc6 9. Qg3 Qc7 10. O-O-O Bd7 11. f4 Nxd4 12. Bxd4 Bc6 13. e5 Ne4 14. Nxe4 Bxe4
15. Bd3 Bxd3 16. Rxd3 d5 17. f5 Qd7 18. fxe6 Qxe6 19. Rc3 g6 20. Rc7 Bg7 21.
Qa3 Rc8 22. Rxb7 Bxe5 23. Bxe5 Qxe5 24. Qb4 Rc4 25. Re1 Re4 26. Rb8+ Kd7 27.
Qb7+ Ke6 28. Qc6+ Kf5 29. Rf1+ Kg5 30. h4+ Kxh4 31. g3+ Kg5 32. Rb3 Re1+ 33.
Rxe1 Qxe1# 0-1

[Event "CAMPEONATO SUBZONAL 2.3.5"]
[Site "Duran"]
[Date "2012.03.10"]
[Round "8.9"]
[White "Del Castilho, Martyn"]
[Black "Palma Moscoso, Alvaro Dario"]
[Result "1-0"]
[WhiteElo "2218"]
[BlackElo "2126"]
[PlyCount "55"]
[EventDate "2012.03.05"]

1. e4 c5 2. Nf3 e6 3. d4 cxd4 4. Nxd4 d6 5. Nc3 Nf6 6. Be3 a6 7. Qd2 Be7 8. f3
Nc6 9. O-O-O O-O 10. g4 Nd7 11. h4 Nxd4 12. Qxd4 b5 13. g5 Rb8 14. Kb1 b4 15.
Ne2 Qc7 16. Qd2 Ne5 17. Nd4 Nc4 18. Bxc4 Qxc4 19. h5 Rb7 20. g6 Re8 21. gxh7+
Kh8 22. Rdg1 Bf6 23. Nb3 Rb5 24. h6 g6 25. Bg5 Bxg5 26. Rxg5 Kxh7 27. Rxb5 Qxb5
28. Qxd6 1-0

[Event "CAMPEONATO SUBZONAL 2.3.5"]
[Site "Duran"]
[Date "2012.03.10"]
[Round "8.10"]
[White "Mazara, Adan"]
[Black "Merritt, Mario"]
[Result "1-0"]
[WhiteElo "2289"]
[BlackElo "2101"]
[PlyCount "59"]
[EventDate "2012.03.05"]

1. d4 Nf6 2. g3 g6 3. Bg2 Bg7 4. e4 d6 5. Ne2 O-O 6. O-O c5 7. c3 Nbd7 8. a4
Rb8 9. Na3 b6 10. Be3 Bb7 11. d5 a6 12. Nc4 b5 13. axb5 axb5 14. Na5 Qc7 15.
Nxb7 Rxb7 16. Bf4 Ra7 17. Qc2 Rfa8 18. Rad1 Ng4 19. Nc1 Nge5 20. Bg5 Nb6 21. f4
Nec4 22. e5 h6 23. Bh4 dxe5 24. b3 Na3 25. Qe2 Kf8 26. fxe5 g5 27. e6 f5 28.
Bxg5 hxg5 29. Rxf5+ Kg8 30. Qh5 1-0

[Event "CAMPEONATO SUBZONAL 2.3.5"]
[Site "Duran"]
[Date "2012.03.10"]
[Round "8.11"]
[White "Palacios Zambrano, Victor"]
[Black "Harper, Ryan"]
[Result "1-0"]
[WhiteElo "2074"]
[BlackElo "2253"]
[PlyCount "95"]
[EventDate "2012.03.05"]

1. d4 d5 2. c4 c6 3. Nf3 Nf6 4. g3 g6 5. Bg2 Bg7 6. O-O O-O 7. Nbd2 Nbd7 8. Qc2
Nb6 9. c5 Nbd7 10. b4 b6 11. Bb2 bxc5 12. bxc5 Qc7 13. h3 Rb8 14. Bc3 Ne4 15.
Nxe4 dxe4 16. Ng5 e3 17. f4 Nf6 18. Qc1 Nd5 19. Bxd5 cxd5 20. Kh2 Qd7 21. g4 f6
22. Nf3 h5 23. Qxe3 hxg4 24. Ng1 Kf7 25. Qg3 Rh8 26. f5 Qb5 27. fxg6+ Kxg6 28.
a4 Qb3 29. Qd3+ Kf7 30. Rfb1 Bf5 31. Rxb3 Bxd3 32. Rxb8 Rxb8 33. exd3 gxh3 34.
Kxh3 e5 35. Ne2 Ke6 36. dxe5 fxe5 37. Nf4+ exf4 38. Bxg7 Rg8 39. Rg1 Kf5 40.
Bd4 Rb8 41. c6 Rc8 42. Rc1 Rc7 43. Bxa7 Rh7+ 44. Kg2 Kg4 45. c7 f3+ 46. Kf2
Rh2+ 47. Ke3 Re2+ 48. Kd4 1-0

[Event "CAMPEONATO SUBZONAL 2.3.5"]
[Site "Duran"]
[Date "2012.03.10"]
[Round "8.12"]
[White "Meza Ponce, Jeison"]
[Black "Crespo Hidalgo, Carlos"]
[Result "1/2-1/2"]
[WhiteElo "2232"]
[BlackElo "2038"]
[PlyCount "98"]
[EventDate "2012.03.05"]

1. e4 c6 2. Nf3 d5 3. Nc3 Bg4 4. h3 Bxf3 5. Qxf3 e6 6. d4 dxe4 7. Nxe4 Qxd4 8.
Bd3 Nd7 9. Be3 Qd5 10. Rd1 Ne5 11. Qf4 Qa5+ 12. Nc3 Nxd3+ 13. Rxd3 Nf6 14. O-O
Be7 15. Bd4 O-O-O 16. a3 Bd6 17. Qe3 Bc7 18. b4 Qf5 19. Bxa7 Rxd3 20. cxd3 Rd8
21. Rd1 Nd5 22. Nxd5 Qxd5 23. Bb6 Qb3 24. Re1 Rxd3 25. Qc5 Qc3 26. Qxc3 Rxc3
27. Bd4 Rxa3 28. Bxg7 Rb3 29. Bf8 e5 30. Re4 Kd7 31. g3 Bd6 32. Bxd6 Kxd6 33.
Rh4 Ke6 34. Kf1 Kf6 35. Rxh7 Rxb4 36. h4 c5 37. Ke2 b5 38. Rh6+ Kg7 39. Rb6 Rb3
40. g4 b4 41. h5 c4 42. g5 Rb2+ 43. Ke3 c3 44. h6+ Kh7 45. Rb7 Kg6 46. Rb6+ Kh7
47. Rb7 Kg6 48. Rb6+ Kh7 49. Rb7 Kg6 1/2-1/2

[Event "CAMPEONATO SUBZONAL 2.3.5"]
[Site "Duran"]
[Date "2012.03.10"]
[Round "8.13"]
[White "Joseph, Marcus"]
[Black "Moncada Russo, Bryan"]
[Result "1-0"]
[WhiteElo "2198"]
[BlackElo "1905"]
[PlyCount "81"]
[EventDate "2012.03.05"]

1. e4 c5 2. Nf3 d6 3. d4 cxd4 4. Nxd4 Nf6 5. Nc3 g6 6. Be3 Bg7 7. f3 O-O 8. Qd2
Nc6 9. Bc4 Bd7 10. O-O-O Qa5 11. Bb3 Rfc8 12. Kb1 Ne5 13. Bg5 Rc5 14. h4 h5 15.
Bxf6 Bxf6 16. Nd5 Qxd2 17. Nxf6+ exf6 18. Rxd2 Be8 19. Ne2 Rd8 20. Rhd1 Rc6 21.
Nc3 a6 22. Nd5 Kg7 23. f4 Nc4 24. Rd3 b5 25. Rg3 Nb6 26. Ne7 Rc7 27. Nf5+ Kf8
28. Nxd6 Nc8 29. Rgd3 Nxd6 30. Rxd6 Rxd6 31. Rxd6 Rc6 32. Rd8 Ke7 33. Ra8 Bd7
34. Ra7 Rd6 35. Kc1 Rd4 36. Bd5 f5 37. c3 Rd3 38. Rxa6 fxe4 39. Bxe4 Rg3 40.
Ra7 Kd6 41. Bf3 1-0

[Event "CAMPEONATO SUBZONAL 2.3.5"]
[Site "Duran"]
[Date "2012.03.10"]
[Round "8.14"]
[White "Hernandez, Alexander"]
[Black "Azua Avila, Vicente"]
[Result "1-0"]
[WhiteElo "2290"]
[BlackElo "1875"]
[PlyCount "61"]
[EventDate "2012.03.05"]

1. e4 e6 2. d4 b6 3. Nf3 Bb7 4. Bd3 Nf6 5. Nbd2 d5 6. e5 Nfd7 7. c3 c5 8. Qe2
Qc8 9. O-O Ba6 10. c4 Nc6 11. cxd5 Bxd3 12. Qxd3 Nb4 13. Qe2 Nxd5 14. Ne4 h6
15. Nfd2 cxd4 16. Nc4 Qc7 17. f4 d3 18. Qxd3 Nc5 19. Ncd6+ Bxd6 20. Qb5+ Nd7
21. Nxd6+ Ke7 22. Qe2 g6 23. Bd2 Qc5+ 24. Kh1 f5 25. Qd3 b5 26. Rac1 Qb6 27.
Qg3 Rag8 28. Qh4+ g5 29. Qh5 Rg7 30. Rc8 N5f6 31. Rxh8 1-0

[Event "CAMPEONATO SUBZONAL 2.3.5"]
[Site "Duran"]
[Date "2012.03.10"]
[Round "8.15"]
[White "Galls Aguirre, Jorge"]
[Black "Treu, Auke"]
[Result "1-0"]
[WhiteElo "2034"]
[BlackElo "2121"]
[PlyCount "119"]
[EventDate "2012.03.05"]

1. Nf3 d5 2. d4 Nf6 3. c4 g6 4. cxd5 Nxd5 5. e4 Nb6 6. Nc3 Bg7 7. h3 O-O 8. Be3
c6 9. Be2 Be6 10. O-O Bc4 11. Rc1 Bxe2 12. Qxe2 N8d7 13. Rfd1 e6 14. b3 Qe7 15.
Qd2 Rad8 16. Bh6 f6 17. Bxg7 Kxg7 18. Qb2 e5 19. d5 cxd5 20. exd5 a6 21. Ne4
Qb4 22. Qe2 Rc8 23. Ra1 Rfe8 24. a3 Qe7 25. b4 Nc4 26. Nfd2 Nxd2 27. Qxd2 Rc4
28. Qe3 Rec8 29. Rac1 b5 30. Rxc4 Rxc4 31. Rc1 Rxc1+ 32. Qxc1 f5 33. Nc5 Nb6
34. Nxa6 Nxd5 35. Qc6 Nf4 36. Qxb5 Qg5 37. Qxe5+ Kh6 38. g3 Nxh3+ 39. Kg2 Qh5
40. Qe7 Nxf2 41. Qe3+ f4 42. Qxf4+ Kg7 43. Qxf2 Qd5+ 44. Qf3 Qd2+ 45. Kf1 Qc1+
46. Kf2 Qd2+ 47. Qe2 Qd4+ 48. Kf1 Qf6+ 49. Kg2 Qc6+ 50. Kh2 Qc1 51. Nc5 Qh6+
52. Kg2 Qc1 53. Ne6+ Kf6 54. Nf4 Qxa3 55. Nd5+ Kg7 56. Qe7+ Kh6 57. Qe3+ Qxe3
58. Nxe3 Kg7 59. b5 Kf7 60. b6 1-0

[Event "CAMPEONATO SUBZONAL 2.3.5"]
[Site "Duran"]
[Date "2012.03.10"]
[Round "8.16"]
[White "Reinozo Trelles, Eduardo"]
[Black "Olvera Urena, Yasser"]
[Result "1-0"]
[WhiteElo "1920"]
[BlackElo "1865"]
[PlyCount "57"]
[EventDate "2012.03.05"]

1. e4 c5 2. Nf3 e6 3. d3 Be7 4. g3 Nf6 5. Bg2 Nc6 6. O-O O-O 7. Re1 d6 8. Nbd2
Rb8 9. Nf1 Nd7 10. h4 b5 11. N1h2 Nd4 12. Ng5 b4 13. c3 bxc3 14. bxc3 Nb5 15.
Bd2 Bf6 16. Rc1 Ne5 17. Qe2 c4 18. dxc4 Na3 19. Bf4 Nexc4 20. Red1 Rb2 21. Qd3
Qb6 22. Ng4 Rxa2 23. Nxh7 Kxh7 24. e5+ g6 25. Nxf6+ Kg7 26. Ng4 dxe5 27. Bh6+
Kg8 28. Bxf8 Kxf8 29. Qd8+ 1-0

[Event "CAMPEONATO SUBZONAL 2.3.5"]
[Site "Duran"]
[Date "2012.03.10"]
[Round "8.17"]
[White "Matoewi, Roger"]
[Black "Meza Ponce, Jerry"]
[Result "1/2-1/2"]
[WhiteElo "2128"]
[BlackElo "1986"]
[PlyCount "84"]
[EventDate "2012.03.05"]

1. e4 c5 2. Nf3 Nc6 3. d4 cxd4 4. Nxd4 g6 5. Nxc6 bxc6 6. Bc4 Bg7 7. O-O d6 8.
Re1 Nh6 9. Nc3 O-O 10. Bb3 Ng4 11. h3 Ne5 12. Bf4 a5 13. a4 Ba6 14. Qd2 Qb6 15.
Bh6 Bxh6 16. Qxh6 Nd3 17. Re3 Nc5 18. h4 Nxb3 19. cxb3 Qxb3 20. h5 Qb7 21. Rg3
e5 22. Rh3 Qe7 23. Rg3 Qf6 24. Rf3 Qg7 25. Qd2 Rfd8 26. h6 Qf8 27. Re1 Rab8 28.
Rf6 Rb4 29. Rd1 Rd4 30. Qc1 Qe7 31. Qg5 Rxd1+ 32. Nxd1 Kf8 33. Ne3 d5 34. exd5
Rd6 35. Ng4 cxd5 36. f4 exf4 37. Qxf4 Qe1+ 38. Kh2 Qh4+ 39. Kg1 Rxf6 40. Qxf6
Qxf6 41. Nxf6 Bc4 42. Nxh7+ Ke7 1/2-1/2

[Event "CAMPEONATO SUBZONAL 2.3.5"]
[Site "Duran"]
[Date "2012.03.10"]
[Round "8.18"]
[White "Jerves Cordova, Carlos"]
[Black "Croes, Octavio"]
[Result "1-0"]
[WhiteElo "1844"]
[BlackElo "1916"]
[PlyCount "67"]
[EventDate "2012.03.05"]

1. e4 c5 2. Nf3 Nc6 3. Bb5 d6 4. Bxc6+ bxc6 5. d3 g6 6. O-O Bg7 7. c3 Qb6 8.
Qc2 Rb8 9. Nbd2 e5 10. a3 Ne7 11. b4 cxb4 12. axb4 O-O 13. Nc4 Qc7 14. Be3 a6
15. Rfb1 d5 16. Ncd2 Bb7 17. Nb3 Rfd8 18. Nc5 Ra8 19. c4 d4 20. Bg5 Re8 21. Ra3
Nc8 22. Rba1 Bf8 23. Nxa6 Bxa6 24. Rxa6 Rxa6 25. Rxa6 Bxb4 26. Qa4 Qb8 27. Qxc6
Ne7 28. Qb6 Bc5 29. Qxb8 Rxb8 30. g3 Kg7 31. Nxe5 Rb3 32. Bf6+ Kh6 33. Nxf7+
Kh5 34. Ra5 1-0

[Event "CAMPEONATO SUBZONAL 2.3.5"]
[Site "Duran"]
[Date "2012.03.10"]
[Round "8.19"]
[White "Zambrano Macias, Paolo"]
[Black "Perdomo Araujo, Angel Edua"]
[Result "1-0"]
[WhiteElo "1815"]
[BlackElo "1913"]
[PlyCount "65"]
[EventDate "2012.03.05"]

1. g3 Nf6 2. Bg2 g6 3. c4 Bg7 4. Nc3 O-O 5. d3 d6 6. e4 Nc6 7. Nge2 e5 8. O-O
Bg4 9. h3 Be6 10. f4 Qc8 11. Kh2 Ne8 12. fxe5 dxe5 13. Nd5 Qd7 14. Be3 f5 15.
Qd2 Nd6 16. b3 Nd4 17. Nxd4 exd4 18. Bh6 c6 19. Bxg7 Qxg7 20. Nf4 Bd7 21. Qb4
Qf6 22. Rae1 Rae8 23. c5 a5 24. Qxa5 Nb5 25. a4 Nc3 26. Qb4 Bc8 27. Qc4+ Kh8
28. e5 Qd8 29. Ne2 Rxe5 30. Nxc3 Rxe1 31. Rxe1 dxc3 32. Qxc3+ Kg8 33. b4 1-0

[Event "CAMPEONATO SUBZONAL 2.3.5"]
[Site "Duran"]
[Date "2012.03.10"]
[Round "8.21"]
[White "Winter-Roach, Alex"]
[Black "Guaranda Chancay, Edward"]
[Result "1/2-1/2"]
[WhiteElo "2075"]
[BlackElo "1625"]
[PlyCount "107"]
[EventDate "2012.03.05"]

1. e4 e6 2. d4 d5 3. exd5 exd5 4. c4 c6 5. Nf3 Nf6 6. Bd3 Be7 7. O-O O-O 8. h3
h6 9. Nc3 Be6 10. c5 Re8 11. Bf4 Nbd7 12. b4 Qc8 13. b5 Bd8 14. Qa4 Bc7 15.
bxc6 Bxf4 16. cxb7 Qxb7 17. c6 Qc8 18. cxd7 Bxd7 19. Qa3 Bxh3 20. Ne2 Bxg2 21.
Kxg2 Rxe2 22. Nh2 Rd2 23. Rac1 Qd7 24. Rc2 Rxc2 25. Bxc2 Qd6 26. Qxd6 Bxd6 27.
Nf3 Rb8 28. Bb3 Rc8 29. Re1 g5 30. Rh1 Kg7 31. Re1 Bf4 32. Re7 Rc7 33. Re2 h5
34. Ne1 Rc3 35. Re7 h4 36. f3 g4 37. fxg4 Rg3+ 38. Kf1 h3 39. Re2 Be3 40. Rh2
Bg1 41. Rxh3 Rxh3 42. Kxg1 Rg3+ 43. Kf2 Rxg4 44. Nf3 Kf8 45. Ke3 Ke7 46. Ne5
Re4+ 47. Kd3 Ke6 48. Nc6 a6 49. Nb4 Rh4 50. Nxa6 Kd6 51. Nc5 Ne4 52. Nb7+ Kc6
53. Nd8+ Kd6 54. Nxf7+ 1/2-1/2